000 00351nam a2200145Ia 4500
008 231207s9999 xx 000 0 und d
041 _aeng
082 _a005.133/BAL
100 _aB. S. Gottfried
245 _aProgramming With C
250 _a2006 Ed.
260 _bTata mc graw hill
300 _aPB/1434
650 _aComnputer Program Language
999 _c946990
_d946990